| 000 | 00461nam a2200181Ia 4500 | ||
|---|---|---|---|
| 008 | 230711s9999||||xx |||||||||||||| ||und|| | ||
| 020 | _a007-124476-x | ||
| 041 | _aHIN | ||
| 082 |
_a4.56 _bSI-D |
||
| 100 | _aSilberschatz,Avi | ||
| 245 | 0 | _aDatabase system concepts | |
| 250 | _a5th . . . Ed. | ||
| 260 |
_c2011 _aNew Delhi _bTata McGraw Hill Education Limited |
||
| 300 | _a1349 | ||
| 650 | _aComputer Engineering | ||
| 700 | _aKorth,Henry F | ||
| 942 | _cBK | ||
| 999 |
_c3742 _d3742 |
||